000 01041nem a2200217 i 4500
001 40224
003 ES-MaACL
005 20230906160152.0
007 t|
008 030305s1861 sp | |0|1||spa d
110 2 _aEspaña.
_bDirección General de Correos.
_9160394
245 1 0 _aCarta de Correos y Postas de la provincia de Valladolid [
_hMaterial cartográfico] /
_ctrazada por la Dirección General de Correos.
255 _aEscala [1:300.000].
260 _a[Madrid?] :
_bDirección General de Correos,
_c1861.
300 _a1 h. pleg. :
_b1 map. col. ;
_c54,5 x 69,5 cm, pleg. en 14 x 10,5 cm.
500 _aLa h. pleg.: "Lista alfabética correspondiente a la Carta de correos y postas de la provincia de Valladolid: con todas las poblaciones que tienen correo diario.
501 _aEn el plano tabla de signos convencionales de conducciones y límietes reflejados en el mapa.
507 _aEscala expresada también en leguas de 20.000 pies.
650 4 _aPostas-
_zValladolid-
_vPlanos.
_9160409
852 _aES-MaACL
_jG-13393
999 _c40224
_d40224